Sports Quiz

Random Sports or NCAA Quiz

Most Coached Bowl Games (CFB) Quiz Stats

 Plays Quiz Updated Feb 28, 2018

Challenge
Share
Tweet
Embed
Score 0/29 Timer 06:00
4 Plays Today
# Bowl Games Coach % Correct
37Joe Paterno
97.3%
33Bobby Bowden
89.6%
29Bear Bryant
82.7%
22Nick Saban
79.5%
21Mack Brown
69.7%
14Urban Meyer
69.3%
22Lou Holtz
64.4%
21Steve Spurrier
60.6%
18Bob Stoops
59.6%
25Tom Osborne
55.9%
23Frank Beamer
54.1%
15Les Miles
53.8%
16Mark Richt
53.3%
17Bo Schembechler
49.2%
19Bill Snyder
46.7%
# Bowl Games Coach % Correct
15Phillip Fulmer
46.5%
15Kirk Ferentz
39%
16Gary Patterson
35.4%
20Vince Dooley
29.6%
17Hayden Fry
29.5%
14Frank Solich
27.9%
22LaVell Edwards
22.8%
16Darrell Royal
22.2%
14John Cooper
20.3%
16Johnny Majors
17.1%
15Don James
13.1%
14Jackie Sherrill
10.5%
18John Vaught
7.2%
15George Welsh
6.2%

You're not logged in!

Compare scores with friends on all Sporcle quizzes.
Join for Free
OR
Log In

You Might Also Like...

Show Comments

Extras

Top Quizzes Today


Score Distribution

Your Account Isn't Verified!

In order to create a playlist on Sporcle, you need to verify the email address you used during registration. Go to your Sporcle Settings to finish the process.

Report this User

Report this user for behavior that violates our Community Guidelines.

Details: